| 000 | 00596nam a2200193 i 4500 | ||
|---|---|---|---|
| 001 | 91080 | ||
| 003 | ES-MaACL | ||
| 007 | t| | ||
| 008 | 050127s1983 sp ||||1| spa d | ||
| 100 | 1 |
_aLerena Aleson, Carlos. _971762 |
|
| 245 | 1 | 0 |
_aReprimir y liberar _b: crítica sociológica de la educación / _cCarlos Lerena ALeson. |
| 260 |
_a[Madrid] : _bAkal, _c[1983] |
||
| 300 |
_a643 p. ; _c22 cm. |
||
| 490 | 1 |
_aAkal universitaria ; _v58 |
|
| 830 | 0 |
_aAkal universitaria ; _v58 _9177901 |
|
| 852 |
_aES-MaACL _jL-5142 _bR.105638 |
||
| 852 |
_aES-MaACL _jL-7307 _bR.107805 |
||
| 999 |
_c91080 _d91080 |
||